000 00287nam a22001337a 4500
008 210511b ||||| |||| 00| 0 eng d
041 _aeng
080 _a038
082 _a038
100 _a23
101 _aFJA
245 _aThe new Roget's Thesaurus
_cNorman Lewis
942 _2udc
_cBK
999 _c57154
_d57154